000 03188nam a22002537a 4500
001 216223702
003 UA-OsUOA
005 20230508092355.0
008 230508b un ||||| |||| 00| 0 ukr d
040 _aUA-OsUOA
_bukr
_cUA-OsUOA
_dUA-OsUOA
041 _aukr
080 _a347.44
090 _a347.44
095 _a12.00.01
_bтеорія та історія держави і права; історія політичних і правових учень
100 _aНазарова І. В.
245 _aПринцип добросовісності в праві
_cНазарова Ірина Володимирівна; наук. керівник Кубко Євген Борисович
260 _aКиїв
_c2020
300 _a24 с.
502 _6Автореферат дисертації на здобуття наукового ступеня кандидата юридичних наук
_cІнститут держави і права імені В. М. Корецького
_d2020
520 _aУ дисертації досліджені основні загальнотеоретичні та прикладні аспекти принципу добросовісності в праві. У процесі розгляду теоретичних аспектів теми проаналізовано генезис розвитку концепцій добросовісності в праві. Розроблена періодизація впровадження даного принципу, сформульовано визначення поняття, розкриті юридична природа, нормативний зміст, функції та місце принципу добросовісності в правовій системі України. Виявлені закономірності становлення та розвитку, особливості і проблеми імплементації принципу добросовісності у державах континентальної і англо-американської правових сімей, у праві Європейського Союзу, у міжнародному приватному та публічному праві. Проведено аналіз основних актів законодавства України, в яких закріплено принцип добросовісності, виявлено їх особливості, переваги і недоліки. Запропоновані й обґрунтовані зміни до Конституції України, закону «Про міжнародні договори України», Цивільного кодексу, Земельного кодексу, Цивільного процесуального кодексу, Господарського процесуального кодексу, Кодексу адміністративного судочинства України, інших законодавчих актів.
650 _2UDC
_a347 Цивільне право
942 _2udc
_cAR
955 _a1
999 _c574271
_d574271